000 01226cam a2200361 4500
008 090401t1998 xxu||||| |||| 00| 0 eng d
020 _a0854068732
035 _a(Sirsi) u84826
041 _aeng
050 _a333.337
110 _aRoyal Institution of Chartered Surveyors
_94900
245 _aMarket views on changing business practice, leases and valuation : a study of the impact of changing business patterns on the property market.
260 _aLondon
_bRICS
_c1998
300 _a39p. ; 30cm.
350 _a9.95
490 _aRight Space: Right Price
_v6
520 _aOne of six working papers for the Right Space: Right Price research project. A report for the RICS by the University of Reading and DTZ Debenham Thorpe.
650 _aCOMMERCIAL LEASES
650 _aLEASE LENGTH
650 _aLEASE STRUCTURES
650 _aPROPERTY MARKET
650 _aValuation
_96273
650 _aWORKING PRACTICES
690 _aPROPERTY-COMMERCIAL PROPERTY
700 _aCrosby, Neil
700 _aGibson, Virginia A.
700 _aLizieri, Colin
700 _aWard, Charles
710 _aUniversity of Reading
_93273
710 _aDTZ Debenham Thorpe
_92895
942 _n0
948 _c12/03/1998
999 _c96984
_d96984